| 000 | 00448nam a22001697a 4500 | ||
|---|---|---|---|
| 003 | CEME | ||
| 005 | 20210628210514.0 | ||
| 008 | 210208b xxu||||| |||| 00| 0 eng d | ||
| 040 | _c. | ||
| 082 | _a621.381 ELE | ||
| 100 |
_aMacraf, Duncan Greenwood, Ivan.A Holdman, J.Vance _979669 |
||
| 245 | _aElectronic instruments | ||
| 260 |
_aNEWYORK _bMCGRAW HILL _c1948 |
||
| 300 | _a721P | ||
| 650 |
_aINSTRUMENTS-ELECTRONIC _979670 |
||
| 942 |
_cBK _2ddc |
||
| 999 |
_c584682 _d584682 |
||